Dissertation research and writing for construction students. (2nd ed.) (Record no. 63599)

MARC details
000 -LEADER
fixed length control field 00850nam a2200205 a 4500
008 - FIXED-LENGTH DATA ELEMENTS--GENERAL INFORMATION
fixed length control field 100930s2007 ||||||||||||||||| || u
020 ## - INTERNATIONAL STANDARD BOOK NUMBER
International Standard Book Number 9780750682640
050 ## - LIBRARY OF CONGRESS CALL NUMBER
Classification number LB 2369 Nao
100 ## - MAIN ENTRY--PERSONAL NAME
Personal name Naoum, S. G
245 10 - TITLE STATEMENT
Title Dissertation research and writing for construction students. (2nd ed.)
250 ## - EDITION STATEMENT
Edition statement 2nd ed.
260 ## - PUBLICATION, DISTRIBUTION, ETC.
Place of publication, distribution, etc. Oxford
Name of publisher, distributor, etc. Butterworth-Heinemann
Date of publication, distribution, etc. 2007
300 ## - PHYSICAL DESCRIPTION
Extent xi, 209p.: ill
350 ## -
-- 35.95
650 #0 - SUBJECT ADDED ENTRY--TOPICAL TERM
Topical term or geographic name entry element TECHNICAL WRITING
650 ## - SUBJECT ADDED ENTRY--TOPICAL TERM
Topical term or geographic name entry element WRITING
650 #0 - SUBJECT ADDED ENTRY--TOPICAL TERM
Topical term or geographic name entry element DISSERTATIONS, ACADEMIC
995 ## -
-- ANNEX COLLECTION (Main Library)
-- 0.00
-- 741722
-- CBU-MAIN LIBRARY (Kitwe)
-- 1
-- 0.00
-- LB 2369 Nao
-- 1
-- AVAILABLE
-- Oct 7, 2010
-- 741722
-- Annex Low-Usage Collection
995 ## -
-- MAIN LIBRARY OPEN ACCESS
-- 745930
-- CBU-MAIN LIBRARY (Kitwe)
-- 35.95
-- LB 2369 Nao
-- 2
-- AVAILABLE
-- Jun 27, 2016
-- 745930
-- Main Library Open Access Collection
999 ## -
-- 63599
-- 63599
Holdings
Withdrawn status Lost status Source of classification or shelving scheme Damaged status Not for loan Permanent Location Current Location Shelving location Date acquired Total Checkouts Full call number Barcode Date last seen Copy number Price effective from Koha item type
          CBU-MAIN LIBRARY, KITWE. CBU-MAIN LIBRARY, KITWE.   12/27/2022   LB 2369 Nao 741722 12/27/2022 1 12/27/2022 MONOGRAPH
          CBU-MAIN LIBRARY, KITWE. CBU-MAIN LIBRARY, KITWE.   12/27/2022   LB 2369 Nao 745930 12/27/2022 2 12/27/2022 MONOGRAPH